|
|
|
|
| LEADER |
02600nam a22005055i 4500 |
| 001 |
978-88-470-1605-7 |
| 003 |
DE-He213 |
| 005 |
20151204181839.0 |
| 007 |
cr nn 008mamaa |
| 008 |
101031s2010 it | s |||| 0|ita d |
| 020 |
|
|
|a 9788847016057
|9 978-88-470-1605-7
|
| 024 |
7 |
|
|a 10.1007/978-88-470-1605-7
|2 doi
|
| 040 |
|
|
|d GrThAP
|
| 050 |
|
4 |
|a QB980-991
|
| 072 |
|
7 |
|a PHR
|2 bicssc
|
| 072 |
|
7 |
|a SCI015000
|2 bisacsh
|
| 082 |
0 |
4 |
|a 523.1
|2 23
|
| 100 |
1 |
|
|a Gasperini, Maurizio.
|e author.
|
| 245 |
1 |
0 |
|a Manuale di Relatività Ristretta
|h [electronic resource] :
|b Per la Laurea Triennale in Fisica /
|c by Maurizio Gasperini.
|
| 264 |
|
1 |
|a Milano :
|b Springer Milan :
|b Imprint: Springer,
|c 2010.
|
| 300 |
|
|
|a XI, 158 pagg.
|b online resource.
|
| 336 |
|
|
|a text
|b txt
|2 rdacontent
|
| 337 |
|
|
|a computer
|b c
|2 rdamedia
|
| 338 |
|
|
|a online resource
|b cr
|2 rdacarrier
|
| 347 |
|
|
|a text file
|b PDF
|2 rda
|
| 490 |
1 |
|
|a UNITEXT,
|x 2038-5714
|
| 505 |
0 |
|
|a Prefazione - Notazioni, convenzioni e unità di misura -- 1. Introduzione alle trasformazioni di Lorentz - 2. Il gruppo di Lorentz ristretto -- 3. Calcolo tensoriale nello spazio-tempo di Minkowski -- 4. Cinematica relativistica -- 5. Elettromagnetismo in forma covariante -- 6. Dinamica relativistica -- Appendice A. Cinematica dei processi d'urto e di decadimento -- Appendice B. Effetto Cherenkov -- Esercizi -- Soluzioni -- Bibliografia -- Indice analitico.
|
| 520 |
|
|
|a Una moderna presentazione della teoria della Relatività Ristretta, specificatamente progettata per i nuovi corsi della Laurea Triennale in Fisica. Un testo essenziale ma autosufficiente, che adotta lo stile e il linguaggio delle lezioni svolte in aula, e che introduce alle trasformazioni di Lorentz, alla formulazione covariante dell'elettromagnetismo e alle basi della cinematica e dinamica relativistiche. Include una discussione della cinematica dei processi d'urto e una derivazione dettagliata dell'effetto Cherenkov.
|
| 650 |
|
0 |
|a Physics.
|
| 650 |
|
0 |
|a Mechanics.
|
| 650 |
|
0 |
|a Cosmology.
|
| 650 |
|
0 |
|a Elementary particles (Physics).
|
| 650 |
|
0 |
|a Quantum field theory.
|
| 650 |
1 |
4 |
|a Physics.
|
| 650 |
2 |
4 |
|a Cosmology.
|
| 650 |
2 |
4 |
|a Mechanics.
|
| 650 |
2 |
4 |
|a Elementary Particles, Quantum Field Theory.
|
| 650 |
2 |
4 |
|a Physics, general.
|
| 710 |
2 |
|
|a SpringerLink (Online service)
|
| 773 |
0 |
|
|t Springer eBooks
|
| 776 |
0 |
8 |
|i Printed edition:
|z 9788847016040
|
| 830 |
|
0 |
|a UNITEXT,
|x 2038-5714
|
| 856 |
4 |
0 |
|u http://dx.doi.org/10.1007/978-88-470-1605-7
|z Full Text via HEAL-Link
|
| 912 |
|
|
|a ZDB-2-PHA
|
| 950 |
|
|
|a Physics and Astronomy (Springer-11651)
|